| 000 | 01682 a2200217 4500 | ||
|---|---|---|---|
| 001 | 54702 | ||
| 005 | 20260407155821.0 | ||
| 008 | 260407a1984 arg spa d | ||
| 003 | AR-UNSa-BCEJYS | ||
| 040 |
_aAR-UNSa-BCEJYS _bspa _cAR-UNSa-BCEJYS |
||
| 080 |
_a342 _xDerecho constitucional (Derecho Público) |
||
| 245 | 1 | 0 | _aMeditaciones sobre la república, el poder y la libertad |
| 020 | _a950-43-0255-8 | ||
| 264 | 1 |
_aBuenos Aires : _bEdiciones Depalma _c1984 |
|
| 300 |
_a98 p. _c20 cm. |
||
| 505 | _a1. Es menester consolidar el equilibrio el sistema tripartito de los poderes del Estado – 2. Desajuste entre la Constitución formal y la Constitución material en el ejercicio del Poder de la Policía – 3. Daton o la libertad versus el poder – 4. ¿Argentina forma parte de Occidente? – 5. Cambalache – 6. Triunfo de los valores y principios de la Constitución Nacional – 7. Canibalismo ideológico – 8. ¿Democracia? ¿Qué democracia? – 9. Un nuevo deporte – 10. Breves reflexiones constitucionales sobre temas parlamentarios – 11. El sistema presidencial y la democracia – 12. ¿Son las comisiones parlamentarias una nueva versión del Comité de Salvación Publica? – 13. La consulta permanente al pueblo como garantía del ordenamiento democrático -14. El refrendo ministerial es esencial para los actos del Poder Ejecutivo – 15. La estrategia de ruptura en las causas políticas – 16. La tecno burocracia como factor de la concentración e incremento del poder – 17. El gigante Amapolas y el humanismo de Alberdi. | ||
| 041 | _aspa | ||
| 942 | _cBK | ||
| 590 | _aniveau_biblio:m niveau_hierar:0 | ||
| 100 | 1 | _aEkmekdjian, Miguel Ángel | |
| 999 |
_c5727 _d5727 |
||